00609nam a2200193Ia 4500008004100000020001400041082001800055100001900073245004700092250000700139260003900146300002400185500001900209600002700228650001500255942000700270952012300277999001500400240925s9999 xx 000 0 und d a852745508 a621.38173 STA aStauier , B. J 0aModern Electronics and Integrated Circuits aNA aBoston:bPWS Publishing Coc,1985. a363p.bNAfOriginal aIncludes Index aElectronic Engineering aTechnology cBK 001040708ELaUITUbUITUd1998-06-30ePrince Book Depol0o621.38173 STApQ1407r2024-09-25 07:12:25w2024-09-25yBK c3906d3906